Countries containing 'and' in their name - Statistics

General Stats
  • This quiz has been taken 2,719 times
    2,671 since last reset
  • The average score is 11 of 19
Answer Stats
Answer % Correct
Saint Kitts and Nevis
82%
Trinidad and Tobago
82%
Antigua and Barbuda
81%
Saint Vincent and the Grenadines
79%
Bosnia and Herzegovina
72%
Sao Tome and Principe
67%
Finland
60%
Iceland
60%
Ireland
59%
Poland
55%
Netherlands
53%
Thailand
52%
New Zealand
51%
Switzerland
49%
Andorra
47%
Marshall Islands
37%
Solomon Islands
36%
Rwanda
26%
Uganda
24%
No matching quizzes found
Score Distribution
Percent of People with Each Score
Percentile by Number Answered
Your Score History
You have not taken this quiz since the last reset